| 000 | 00526nam a2200193Ia 4500 | ||
|---|---|---|---|
| 005 | 20250326145201.0 | ||
| 008 | 250326s9999 xx 000 0 und d | ||
| 037 | _aTextbook | ||
| 040 |
_aFMSL _beng _cFMSL |
||
| 041 |
_aeng _2eng |
||
| 084 |
_aX:51 Q0 _qFMSL |
||
| 100 |
_aRosen E _9750799 |
||
| 245 | 0 |
_aBuzz: real-life lessons in word-of-mouth marketing _cRosen E |
|
| 260 |
_aLondon _bLondon, Profile _c2010 |
||
| 365 | _b395 | ||
| 650 | _aManagement | ||
| 942 |
_cTB _hX:51 Q0 |
||
| 999 |
_c1306671 _d1306671 |
||